000 00560nam a22001577a 4500
003 macl
005 20221123160904.0
008 221123b |||||||| |||| 00| 0 eng d
040 _cmacl
082 _a741.642
100 _aराय, डॉ लालबहादुर
_981566
245 _aसमाज सुधारक राजा राममोहन राय
260 _aदिल्‍ली
_bट्राईडेंट पब्लिशर्स
_c2022
650 _aचिल्‍ड्रर्न बुक
_967889
942 _2ddc
_cHIN
999 _c65633
_d65633